Statistics for Capital cities of FIBA Basketball World Championship winning countries - 30 second sprint

Click here to take the quiz!

General Stats

  • This quiz has been taken 71 times
    (11 since last reset)
  • The average score is 6 of 7

Answer Stats

YearAnswer% Correct
1967,1974,1982Moscow
100%
1954,1986,1994,2010,2014Washington
100%
1970,1978,1990,1998,2002Belgrade
89%
1959,1963Brasilia
89%
1950Buenos Aires
78%
2006,2019Madrid
78%
2023Berlin
67%

Score Distribution

Percentile by Number Answered

Percent of People with Each Score

Your Score History

You have not taken this quiz since the last reset